The Fifth of November Poem - Statistics

General Stats
  • This quiz has been taken 13 times
  • The average score is 15 of 27
Answer Stats
Hint Answer % Correct
Line 1 Remember remember
100%
Line 2 the fifth of November
100%
Line 3 The gunpowder treason and plot
100%
Line 4 I know of no reason
75%
line 6 should ever be forgot
75%
Line 5 why the gunpowder treason
75%
line 10 all up alive
50%
line 20 and the worse for you
50%
line 22 a pennorth of cheese to choke him
50%
line 21 a rope a rope to hang the pope
50%
line 15 a stick and a stake
50%
line 13 but by Gods providence, him they catch
50%
line 8 Did the scheme contrive
50%
line 16 for king James sake
50%
line 7 Guy Fawkes and his companions
50%
line 17 if you wont give me one
50%
line 18 Ill take two
50%
line 19 the better for me
50%
line 11 threescore barrels laid below
50%
line 9 to blow up the king and parliament
50%
line 12 to prove old Englands overthrow
50%
line 14 with a dark lantern, lighting a match
50%
line 24 and a jolly good fire to burn him
25%
line 23 a pint of beer to wash it down
25%
line 27 Hip hip hooray
25%
line 26 holla boys holla boys god save the king
25%
line 25 holla boys holla boys make the bells ring
25%
No matching quizzes found
Score Distribution
Percent of People with Each Score
Percentile by Number Answered
Your Score History
You have not taken this quiz